| 000 | 00375nam a22001337a 4500 | ||
|---|---|---|---|
| 082 |
_a621.31922 _bPRE _cL-10, P-5 |
||
| 100 |
_aPreston, G.W _941475 |
||
| 245 | _aCopper Conductor for Overhead Lines | ||
| 260 |
_aBritain: _bA C.D.A Publication, _cc1931 |
||
| 300 |
_a55 p,; _bill.; _c18cm |
||
| 526 |
_a0 _b0 _c0 _d621_319220000000000_PRE |
||
| 650 |
_aMCE _9379 |
||
| 942 |
_2ddc _cBK |
||
| 999 |
_c545576 _d545576 |
||